Le métro de Paris - Statistiques

Statistiques générales
  • Ce quiz a été pris 31 fois
  • Le résultat moyen est 7 sur 20
Statistiques - réponses
Hint Réponse % Correct
Combien de stations la ligne 8 compte-t-elle ? 38
63%
Quelle est la commune du Val de Marne ayant le plus de stations ? Créteil
63%
Quelle est la fourche de la ligne 7 (avant que les branches ne se séparent) ? Maison Blanche
56%
Correspondance entre la 7bis et la 11 Place des Fêtes
56%
Quelle est la station entre Marcadet-Poissonniers et Porte de Clignancourt ? Simplon
56%
Quel est l'ancien terminus Est de la ligne 11 ? Mairie des Lilas
44%
Quelle est la station entre les 11e, 12e et 20e arrondissements ? Nation
44%
Comment appelle-t-on les stations qui ont été construites mais ensuite fermées au public ? Stations fantômes
44%
Quelle a été la première ville de banlieue à être pourvue de métro ? Boulogne-Billancourt
37%
Quelle est la station la moins fréquentée ? Eglise d'Auteuil
37%
Quelle station située dans le nord des Hauts de Seine porte le nom d'une figure importante de la commune de Paris ? Louise Michel
37%
Quelle sera la station de Seine Saint Denis qui aura le plus de lignes ? Saint Denis-Pleyel
37%
Quelle est la rame la plus récemment introduite sur la ligne 10 ? MF19
30%
Quelle est la première station située en grande couronne ? Aéroport d'Orly
26%
Quelle commune de Seine et Marne sera bientôt desservie par la ligne 15, 16 et peut-être la 11 ? Champs sur Marne
26%
Quelles rames trouvent-on sur la ligne 6 ? MP89 | MP73
22%
Quel est le sous-titre de la station Gallieni ? Parc de Bagnolet
22%
Quelle est la station la plus récente ? Villejuif-Gustave Roussy
22%
Quelle station a pour sous-titre Maréchal de Lattre de Tassigny ? Porte Dauphine
19%
Dans quelle série de livres pour enfants ayant pour protagonistes un chien et un chat ces derniers prennent-ils le métropolichien ? Chien pourri
7%
Aucun quiz correspondant
Distribution des résultats
% des personnes avec chaque résultat
Percentile par nombre de réponses
Votre historique - résultats
Vous n’avez pas pris ce quiz